| 000 | 00426nam a2200169Ia 4500 | ||
|---|---|---|---|
| 005 | 20250425162822.0 | ||
| 008 | 250425s9999 xx 000 0 und d | ||
| 041 | _aeng | ||
| 245 | 0 | _aMODERN CHEMICAL TECHNOLOGY (VOLUME 5) | |
| 250 | _aS.E. | ||
| 264 |
_aEstados Unidos, WASHINGTON _bAMERICAN CHEMICAL SOCIETY _c1972. |
||
| 300 | _a206 | ||
| 362 | _a5 | ||
| 650 | _aQUIMICA INDUSTRIAL | ||
| 942 | _c01 | ||
| 010 | _a110254 | ||
| 999 |
_c237093 _d237093 |
||